000 00553nam a22002417a 4500
003 UA-OsUOA
001 23235
007 ta
008 20040115b un ||||| |||| 00| 0 ukr d
100 _aЯллоп Дэвид
090 _a244
_bЯ51
942 _cBK
040 _aUA-OsUOA
_brus
_cUA-OsUOA
_dUA-OsUOA
245 _aКто убил Папу Римского?
300 _a308 с.
955 _a0
041 _arus
080 _a244
260 _aМосква
_bПрогресс
_c1986
044 _aRU
650 7 _2UDC
999 _c309479
_d309479